Planificacion del riego en la Finca Experimental de Santa Cruz de la Universidad de Costa Rica
Saved in:
| Main Author: | |
|---|---|
| Format: | Book |
| Published: |
[San José , Costa Rica]
1994
|
| Subjects: | |
| Tags: |
Add Tag
No Tags, Be the first to tag this record!
|
MARC
| LEADER | 00000nam a2200000Ia 4500 | ||
|---|---|---|---|
| 003 | 007962 | ||
| 005 | 20221231144246.0 | ||
| 008 | 140114s1994 cr a m 000 ||s d | ||
| 040 | |c cru CEDI | ||
| 090 | |a TFG 3481 | ||
| 100 | |a Vargas Prado, Juan Guillermo |9 10311 | ||
| 245 | |a Planificacion del riego en la Finca Experimental de Santa Cruz de la Universidad de Costa Rica | ||
| 260 | |c 1994 |a [San José , Costa Rica] | ||
| 300 | |a xiii, 115 hojas : ilustraciones ; 28 cm. | ||
| 500 | |a Tesis (licenciatura en ingenieria agricola)--Universidad de Costa Rica. Facultad de Ingeniería. Escuela de Ingenieria Agricola | ||
| 650 | |x UNIVERSIDAD DE COSTA RICA.. SEDE DE GUANACASTE. FINCA EXPERIMENTAL DE SANTA CRUZ |x RIEGO - SANTA CRUZ (GUANACASTE, COSTA RICA) |9 10312 | ||
| 942 | |c TFG | ||
| 999 | |c 19202 |d 19202 | ||
